Statistiques concernant Équipe gagnante du Trophée Clarence S. Campbell dans la LNH

Cliquez ici pour prendre le quiz!

Statistiques générales

  • Ce quiz a été pris 18 fois
    (15 depuis la dernière actualisation)
  • Le résultat moyen est 17 sur 52

Statistiques - réponses

AnnéeÉquipe% Correct
2014-2015Blackhawks de Chicago
80%
2018-2019Blues de St-Louis
80%
2013-2014Kings de Los Angeles
80%
2004-2005Aucun
70%
2010-2011Canucks de Vancouver
70%
2007-2008Red Wings de Détroit
70%
2015-2016Sharks de San José
70%
2000-2001Avalanche du Colorado
60%
2009-2010Blackhawks de Chicago
60%
2017-2018Golden Knights de Vegas
60%
2011-2012Kings de Los Angeles
60%
1992-1993Kings de Los Angeles
60%
2016-2017Predators de Nashville
60%
2008-2009Red Wings de Détroit
60%
2012-2013Blackhawks de Chicago
50%
2006-2007Ducks d'Anaheim
50%
1995-1996Avalanche du Colorado
40%
2003-2004Flames de Calgary
40%
1967-1968Flyers de Philadelphie
40%
1989-1990Oilers d'Edmonton
40%
2005-2006Oilers d'Edmonton
40%
1988-1989Flames de Calgary
30%
2002-2003Mighty Ducks d'Anaheim
30%
1987-1988Oilers d'Edmonton
30%
1986-1987Oilers d'Edmonton
30%
2001-2002Red Wings de Détroit
30%
1998-1999Stars de Dallas
30%
1999-2000Stars de Dallas
30%
1985-1986Flames de Calgary
20%
1976-1977Flyers de Philadelphie
20%
1973-1974Flyers de Philadelphie
20%
1974-1975Flyers de Philadelphie
20%
1975-1976Flyers de Philadelphie
20%
1984-1985Oilers d'Edmonton
20%
1983-1984Oilers d'Edmonton
20%
1982-1983Oilers d'Edmonton
20%
1996-1997Red Wings de Détroit
20%
1997-1998Red Wings de Détroit
20%
1991-1992Blackhawks de Chicago
10%
1969-1970Blues de Saint-Louis
10%
1968-1969Blues de Saint-Louis
10%
1993-1994Canucks de Vancouver
10%
1977-1978Islanders de New York
10%
1978-1979Islanders de New York
10%
1990-1991North Stars du Minnesota
10%
1994-1995Red Wings de Détroit
10%
1972-1973Blackhawks de Chicago
0%
1971-1972Blackhawks de Chicago
0%
1970-1971Blackhawks de Chicago
0%
1981-1982Canucks de Vancouver
0%
1979-1980Flyers de Philadelphie
0%
1980-1981Islanders de New York
0%

Distribution des résultats

Percentile par nombre de réponses

% des personnes avec chaque résultat

Votre développement - résultats

Vous n’avez pas pris ce quiz depuis la dernière actualisation